ARRUPE JESUIT UNIVERSITY

CORONAVIRUS -STOP THE SPREAD - CLEAN,DISINFECT,COVER

Moralities of everyday life / (Record no. 122515)

MARC details
000 -LEADER
fixed length control field 00987cam a2200337 a 4500
001 - CONTROL NUMBER
control field 4443135
003 - CONTROL NUMBER IDENTIFIER
control field ARRUPE
005 - DATE AND TIME OF LATEST TRANSACTION
control field 20150326171553.0
008 - FIXED-LENGTH DATA ELEMENTS--GENERAL INFORMATION
fixed length control field 810609s1982 enk b 001 0 eng
010 ## - LIBRARY OF CONGRESS CONTROL NUMBER
LC control number 81011004
020 ## - INTERNATIONAL STANDARD BOOK NUMBER
International Standard Book Number 0195030168 :
020 ## - INTERNATIONAL STANDARD BOOK NUMBER
International Standard Book Number 0195030176 (pbk.) :
035 ## - SYSTEM CONTROL NUMBER
System control number (OCoLC)7574215
035 ## - SYSTEM CONTROL NUMBER
System control number (OCoLC)ocm07574215
035 ## - SYSTEM CONTROL NUMBER
System control number (NNC)4443135
040 ## - CATALOGING SOURCE
Original cataloging agency DLC
Transcribing agency DLC
Modifying agency NNUT
-- CStRLIN
043 ## - GEOGRAPHIC AREA CODE
Geographic area code n-us---
050 0# - LIBRARY OF CONGRESS CALL NUMBER
Classification number HN90.M6
Item number S2 1982
090 ## - LOCALLY ASSIGNED LC-TYPE CALL NUMBER (OCLC); LOCAL CALL NUMBER (OCLC)
Classification number (OCLC) (R) ; Classification number, CALL (RLIN) (NR) HN90.M6
Local cutter number (OCLC) ; Book number/undivided call number, CALL (RLIN) S2 1982
300 ## - PHYSICAL DESCRIPTION
Dimensions 22 cm.
100 1# - MAIN ENTRY--PERSONAL NAME
Personal name Sabini, John,
Dates associated with a name 1947-
9 (RLIN) 16637
245 10 - TITLE STATEMENT
Title Moralities of everyday life /
Statement of responsibility, etc John Sabini, Maury Silver.
260 ## - PUBLICATION, DISTRIBUTION, ETC. (IMPRINT)
Place of publication, distribution, etc Oxford ;
-- New York :
Name of publisher, distributor, etc Oxford University Press,
Date of publication, distribution, etc 1982.
300 ## - PHYSICAL DESCRIPTION
Extent xi, 238 p. ;
500 ## - GENERAL NOTE
General note Includes index.
504 ## - BIBLIOGRAPHY, ETC. NOTE
Bibliography, etc Bibliography: p. 231-238.
650 #0 - SUBJECT ADDED ENTRY--TOPICAL TERM
Topical term or geographic name as entry element Social psychology.
9 (RLIN) 16638
651 #0 - SUBJECT ADDED ENTRY--GEOGRAPHIC NAME
Geographic name United States
General subdivision Moral conditions.
9 (RLIN) 16639
700 1# - ADDED ENTRY--PERSONAL NAME
Personal name Silver, Maury,
Dates associated with a name 1944-
9 (RLIN) 16640
942 ## - ADDED ENTRY ELEMENTS (KOHA)
Source of classification or shelving scheme Library of Congress Classification
Koha item type Monograph ( Printed materials)
Holdings
Withdrawn status Lost status Source of classification or shelving scheme Damaged status Not for loan Collection code Home library Current library Shelving location Date acquired Total Checkouts Full call number Barcode Date last seen Price effective from Koha item type
    Library of Congress Classification     Main Collection ARRUPE LIBRARY ARRUPE LIBRARY Main Collection 26/03/2015   HN90.M6 S2 1982 46500002619 30/04/2018 26/03/2015 Monograph ( Printed materials)

 

Arrupe Library. PO Box MP320 Mt Pleasant, Harare, Zimbabwe
263 242 745411|librarian@aju.ac.zw